| 000 | 01487nam a22004094i 4500 | ||
|---|---|---|---|
| 999 |
_c64624 _d64624 |
||
| 001 | bimo0001512456 | ||
| 003 | SpMaBN | ||
| 005 | 20181019122259.0 | ||
| 008 | 000401s1972 sp spa | ||
| 017 |
_aM 10111-1972 _bOficina Depósito Legal Madrid |
||
| 040 |
_aSpMaBN _bspa _cCO-MdFUSB _dCO-MdFUSBC _erda |
||
| 041 | _aspa | ||
| 082 |
_223 _a226.1 _bT843 |
||
| 100 | 1 |
_aTroadec, Henry _eautor |
|
| 245 | 1 | 0 |
_aComentario a los evangelios sinópticos _c/ Henry Troadec ; traductores Constantino Ruiz Garrido y José María Bernáldez Montalvo |
| 264 |
_aMadrid, España : _bFax, _c℗[1972] |
||
| 300 |
_aXXVII, 591 páginas ; _c22 cm |
||
| 336 |
_2rdacontent _atexto _btxt |
||
| 337 |
_2rdamedia _asin mediación _bn |
||
| 338 |
_2rdacarrier _avolumen _bnc |
||
| 490 | 1 | _aActualidad biblica | |
| 505 | _aEvangelio según San Mateo -- Evangelio según San Marcos -- Evangelio según San Lucas | ||
| 563 | _aTapa dura | ||
| 630 | 0 | 7 |
_aBiblia. _vMateo |
| 630 | 0 | 7 |
_aBiblia. _pMarcos |
| 630 | 0 | 7 |
_aBiblia. _vLucas |
| 700 | 1 |
_aBernáldez Montalvo, José María _d1935-2003 _etraductor |
|
| 700 | 1 |
_aRuiz-Garrido, Constantino _etraductor |
|
| 830 |
_aActualidad biblica _vVol. 17 |
||
| 942 | _cBK | ||
| 956 | _a1 2 | ||
| 980 |
_aM-BN _bBNMADRID _j4/102629 _cSG_RECOLET |
||
| 980 |
_aM-BN _bBNMADRID _j4/102630 _cSG_RECOLET |
||
| 980 |
_aM 10111-1972 _aM-BN _bBNALCALA _jAHM/590845 _cSALA_ALC |
||